000 00655nam a22001817a 4500
003 BD-DhUL
005 20161031181223.0
008 161031b bg ||||| |||| 00| 0 ben d
040 _cBD-DhUL
082 _a891.44409
_bJAH
100 _aজাফর, আবু
245 _aহাসান আজিজুল হকের গল্পের সমাজ বাস্তবতা /
_cআবু জাফর
260 _aঢাকা :
_bবাংলা একাডেমি,
_c১৯৯৬.
300 _a১৭২ পৃ. ;
_c২২ সেমি.
650 _aবাংলা প্রবন্ধ
650 _aBengali fiction
942 _2ddc
_cBK
999 _c118280
_d118280